Mots de 11 lettres par définition - Statistiques

Statistiques générales
  • Ce quiz a été pris 170 fois
  • Le résultat moyen est 11 sur 15
Statistiques - réponses
Genre Définition Mot % Correct
Nom Personne qui est locataire avec d'autres. Colocataire
92%
Nom Féminin Action de retenir une place (dans un train, un avion, au théâtre, etc.), une table (au restaurant), une chambre (dans un hôtel). Réservation
90%
Nom Masculin Magasin de grande surface (400 à 2 500 m2) offrant un large assortiment de tous les produits à prédominance alimentaire et qui les vend en libre-service. Supermarché
90%
Nom Féminin Petit camion automobile dont la charge utile ne dépasse pas 1 500 kg. Camionnette
88%
Nom Féminin Femme d'un empereur. / Femme qui gouverne un empire. Impératrice
86%
Nom Féminin Petite figure de bois, de carton ou de tissu qu'une personne cachée ou visible fait mouvoir avec la main ou grâce à des fils. Marionnette
85%
Nom Masculin & Adjectif Se dit d'un produit utilisé dans la lutte contre les insectes, ou d'autres invertébrés, nuisibles à l'homme, aux cultures, aux denrées alimentaires. Insecticide
76%
Nom Masculin Partie d'un immeuble comportant plusieurs pièces qui forment un ensemble destiné à l'habitation. Appartement
73%
Nom Féminin Exploration et étude des cavités naturelles du sol (gouffres, cavernes, rivières souterraines, etc.). Spéléologie
71%
Nom Masculin Familier. Série de chocs, de heurts entre des véhicules. Carambolage
69%
Nom Masculin Carte représentant en projection plane les deux hémisphères célestes ou les deux hémisphères d'un astre, en particulier de la Terre. Planisphère
67%
Nom Masculin Mot réputé magique, utilisé dans la fabrication des talismans destinés en particulier à éloigner les maladies. Abracadabra
62%
Nom Féminin Établissement où l'on peut danser et écouter de la musique enregistrée tout en consommant. Discothèque
62%
Nom Féminin Connaissance de tout ce qui se rapporte à la cuisine, à l'ordonnancement des repas, à l'art de déguster et d'apprécier les mets. Gastronomie
56%
Nom Masculin Période comprise entre le mésolithique et l'âge des métaux. Néolithique
42%
Aucun quiz correspondant
Distribution des résultats
% des personnes avec chaque résultat
Percentile par nombre de réponses
Votre historique - résultats
Vous n’avez pas pris ce quiz